000
00361nam a2200157Ia 4500
008
151213s9999 xx 000 0 und d
100
_a
Samuelson
245
_a
Economics
_c
Samuelson
250
_a
18th
260
_a
New York
_b
Mc Grow Hill
_c
2005
300
_a
4198 p.
650
_a
Economics
650
_a
Economics
700
_a
Samuelson
999
_c
2622
_d
2622